| 000 | 00758nac a22002171u 4500 | ||
|---|---|---|---|
| 010 | _a75311164 | ||
| 020 | _a185573995X | ||
| 082 | 0 | 0 |
_a677.022 _bG8778 |
| 090 |
_c1019 _d1019 |
||
| 100 | _aGrosicki, Z. | ||
| 245 | 1 | 0 |
_aWatson's Textile design and colour : _belementary weaves and figured fabrics. |
| 250 | _a7th ed. | ||
| 260 |
_aLondon : _bWoodhead publishing limited, _c1975. |
||
| 300 |
_a387 p. : _bill. ; _c24 cm. |
||
| 500 | _aIncludes index. | ||
| 650 | 0 | _aTextile design. | |
| 650 | 0 | _aColor in the textile industries. | |
| 740 | 0 | _aTextile design and colour. | |
| 942 |
_cBB _k677.022G8778 |
||
| 999 |
_c1019 _d1019 |
||